00488nam a2200157Ia 450000500170000000800410001708200130005824500280007126000350009930000120013450000370014670000290018394200060021295200970021899900150031520250519015901.0240331s9999 xx 000 0 und d bBAYa305 0aBayen jeewath venne ayi aColombobSociety & Trustc1999 a68 p ., aA Book About why living in fear? aGama Arachchige,P. eedt cL 001040708LaWERCLbWERCLcSSCd2024-03-31l0o 305.4 BAYp4374r2024-03-31w2024-03-31yL c1622d1622